<?xml version="1.0" encoding="UTF-8"?><?xml-stylesheet type="text/xsl" href="static/style.xsl"?><OAI-PMH xmlns="http://www.openarchives.org/OAI/2.0/" xmlns:xsi="http://www.w3.org/2001/XMLSchema-instance" xsi:schemaLocation="http://www.openarchives.org/OAI/2.0/ http://www.openarchives.org/OAI/2.0/OAI-PMH.xsd"><responseDate>2026-06-03T14:02:20Z</responseDate><request verb="GetRecord" identifier="oai:riuma.uma.es:10630/28407" metadataPrefix="marc">https://riuma.uma.es/rest/oai/request</request><GetRecord><record><header><identifier>oai:riuma.uma.es:10630/28407</identifier><datestamp>2026-02-03T11:30:01Z</datestamp><setSpec>com_10630_2254</setSpec><setSpec>col_10630_37953</setSpec></header><metadata><record xmlns="http://www.loc.gov/MARC21/slim" xmlns:dcterms="http://purl.org/dc/terms/" xmlns:doc="http://www.lyncode.com/xoai" xmlns:xsi="http://www.w3.org/2001/XMLSchema-instance" xsi:schemaLocation="http://www.loc.gov/MARC21/slim http://www.loc.gov/standards/marcxml/schema/MARC21slim.xsd">
   <leader>00925njm 22002777a 4500</leader>
   <datafield ind2=" " ind1=" " tag="042">
      <subfield code="a">dc</subfield>
   </datafield>
   <datafield ind2=" " ind1=" " tag="720">
      <subfield code="a">Castro-López, Violeta R.</subfield>
      <subfield code="e">author</subfield>
   </datafield>
   <datafield ind2=" " ind1=" " tag="720">
      <subfield code="a">Franco-Paredes, Karina</subfield>
      <subfield code="e">author</subfield>
   </datafield>
   <datafield ind2=" " ind1=" " tag="720">
      <subfield code="a">Peláez-Fernández, María Ángeles</subfield>
      <subfield code="e">author</subfield>
   </datafield>
   <datafield ind2=" " ind1=" " tag="720">
      <subfield code="a">Trujillo Chi Vacuán, Eva María</subfield>
      <subfield code="e">author</subfield>
   </datafield>
   <datafield ind2=" " ind1=" " tag="260">
      <subfield code="c">2023-03-01</subfield>
   </datafield>
   <datafield ind2=" " ind1=" " tag="520">
      <subfield code="a">Strong empirical research has shown a relationship between body dissatisfaction and symptoms of eating disorders (ED) and the direct and combined influenceof emotional factors and dimensions of emotional intelligence (EI) on ED symptoms. However, whether these emotional variables and competencies moderate the well-established relationship between body dissatisfaction and ED symptomatology has not yet been tested. Neither have studies of this nature been performed among high at-risk populations such as Mexican female adolescents. Thus, this research aimed to explore the moderator role of EI subdimensions in the relationship between body dissatisfaction and ED symptoms among female adolescents from Sinaloa, Mexico. A total of 485 female adolescents aged 14–19 years old (M=16.81,SD=1.33) who were students in middle school, high school, and college completed questionnaires about body dissatisfaction, ED symptomatology, and EI. We conducted moderating analyses. Subdimensions of EI significantly moderated the relationship between body dissatisfaction and symptoms of ED. For participants high in body dissatisfaction, lower levels in stress management ability and higher levels in the interpersonal EI and Adaptability EI dimensions were associated with higher levels of ED symptomatology. Subdimensions of EI have an important role in moderating the association between body dissatisfaction and symptoms of ED. The findings of this study contribute to improving the knowledge about the role of emotional competencies in ED. Proposals for future research and to improve preventative approaches are discussed.</subfield>
   </datafield>
   <datafield ind1="8" ind2=" " tag="024">
      <subfield code="a">Castro-López, V. R., Franco-Paredes, K., Peláez-Fernández, M. A., &amp; Trujillo Chi Vacuán, E. M. (2023). Emotional intelligence subdimensions as moderators in the association between body dissatisfaction and symptoms ofeating disorders among female Mexican adolescents. International Journal of Eating Disorders, 56(4), 770–777.</subfield>
   </datafield>
   <datafield ind1="8" ind2=" " tag="024">
      <subfield code="a">https://hdl.handle.net/10630/28407</subfield>
   </datafield>
   <datafield ind1="8" ind2=" " tag="024">
      <subfield code="a">10.1002/eat.23919</subfield>
   </datafield>
   <datafield tag="653" ind2=" " ind1=" ">
      <subfield code="a">Adolescentes - Trastornos nutricionales</subfield>
   </datafield>
   <datafield tag="653" ind2=" " ind1=" ">
      <subfield code="a">Emociones</subfield>
   </datafield>
   <datafield tag="653" ind2=" " ind1=" ">
      <subfield code="a">Inteligencia</subfield>
   </datafield>
   <datafield tag="653" ind2=" " ind1=" ">
      <subfield code="a">Adolescentes - Psicología</subfield>
   </datafield>
   <datafield ind2="0" ind1="0" tag="245">
      <subfield code="a">Emotional intelligence subdimensions as moderators in the association between body dissatisfaction and symptoms of eating disorders among female Mexican adolescents.</subfield>
   </datafield>
</record>
</metadata></record></GetRecord></OAI-PMH>